[Event "38th Reykjavik op"]
[Site "Reykjavik ISL"]
[Date "2025.04.09"]
[Round "1.123"]
[White "Shepherd, Tom"]
[Black "Gudjonsson, Anton Vignir"]
[WhiteElo "1937"]
[BlackElo "1750"]
[Result "1-0"]
[EventDate "2025.04.09"]
[PlyCount "69"]

1. d4 d5 2. c4 e6 3. Nf3 Nf6 4. cxd5 exd5 5. Nc3 c6 6. Qc2 Be7 7. Bg5 Bg4 8. e3 Nbd7
9. Bd3 h6 10. Bh4 O-O 11. O-O-O b5 12. h3 Be6 13. g4 Ne8 14. Bxe7 Qxe7 15. Rdg1 b4
16. Ne2 Nd6 17. Kb1 Ne4 18. Ng3 c5 19. Nxe4 dxe4 20. Bxe4 b3 21. axb3 Bxb3 22. Bh7+
Kh8 23. Qxb3 Kxh7 24. Qc2+ Kg8 25. g5 h5 26. d5 Rfc8 27. g6 f6 28. Qf5 Rab8 29. d6
Qxd6 30. Rd1 Qb6 31. Qd5+ Kh8 32. Qxh5+ Kg8 33. Qh7+ Kf8 34. Qh8+ Ke7 35. Qxg7+  1-0

[Event "38th Reykjavik op"]
[Site "Reykjavik ISL"]
[Date "2025.04.09"]
[Round "1.124"]
[White "Villamar, Eros"]
[Black "Nguyen, Paul"]
[WhiteElo "1747"]
[BlackElo "1936"]
[Result "0-1"]
[EventDate "2025.04.09"]
[PlyCount "64"]

1. e4 e5 2. Nf3 Nf6 3. Nc3 Nc6 4. Bb5 Nd4 5. d3 Nxb5 6. Nxb5 c6 7. Nc3 d6 8. h3 Be7
9. O-O O-O 10. b3 h6 11. Bb2 Qc7 12. Re1 Be6 13. Ne2 Nh5 14. c4 f5 15. Nd2 fxe4 16.
Nxe4 Qd7 17. N2g3 Nf4 18. d4 d5 19. Nc5 Bxc5 20. dxc5 Bxh3 21. Rxe5 Bxg2 22. Qd4
Bf3 23. Qe3 Nh3+ 24. Kh2 Ng5 25. Rxg5 hxg5 26. Qxg5 Be4 27. f4 Rae8 28. Nh5 Bf3 29.
Bxg7 Re2+ 30. Kg3 Rg2+ 31. Kxf3 Rxg5 32. Nf6+ Rxf6  0-1

[Event "38th Reykjavik op"]
[Site "Reykjavik ISL"]
[Date "2025.04.09"]
[Round "1.125"]
[White "Teichmann, Alexander"]
[Black "Fridthjofsdottir, Sigurl. Regina"]
[WhiteElo "1934"]
[BlackElo "1743"]
[Result "1/2-1/2"]
[EventDate "2025.04.09"]
[PlyCount "93"]

1. e4 e6 2. b3 d5 3. Bb2 c5 4. exd5 exd5 5. Bb5+ Bd7 6. Qe2+ Qe7 7. Nc3 Nf6 8. Bxd7+
Nbxd7 9. Nb5 Qxe2+ 10. Nxe2 Kd8 11. Ng3 a6 12. Nc3 Kc7 13. O-O-O d4 14. Nce4 Nxe4
15. Nxe4 f6 16. f4 Re8 17. Rde1 Bd6 18. g3 Kc6 19. c3 dxc3 20. dxc3 Bc7 21. c4 Re7
22. Nc3 Rhe8 23. Kd2 Rxe1 24. Rxe1 Rxe1 25. Kxe1 b5 26. Ke2 Nb6 27. Kd3 bxc4+ 28.
bxc4 f5 29. Nd1 g6 30. Ne3 Bd6 31. Ke2 a5 32. Bc3 a4 33. Kd3 Nd7 34. Kc2 Nb6 35.
Kb2 g5 36. Nxf5 Nxc4+ 37. Kc2 gxf4 38. Kd3 Kd5 39. gxf4 Bf8 40. h3 a3 41. Ng3 Nd6
42. Be5 c4+ 43. Kc3 Nb5+ 44. Kc2 Nd4+ 45. Kc3 Nb5+ 46. Kc2 Nd4+ 47. Kc3  1/2-1/2

[Event "38th Reykjavik op"]
[Site "Reykjavik ISL"]
[Date "2025.04.09"]
[Round "1.126"]
[White "Eiriksson, Theodor"]
[Black "Kirk, Eden"]
[WhiteElo "1742"]
[BlackElo "1933"]
[Result "1/2-1/2"]
[EventDate "2025.04.09"]
[PlyCount "92"]

1. d4 Nf6 2. Nc3 g6 3. e4 d6 4. Nf3 Bg7 5. Bf4 Nbd7 6. Qd2 c5 7. d5 a6 8. a4 Qb6
9. Rb1 O-O 10. Bh6 Qb4 11. Bxg7 Kxg7 12. Bd3 c4 13. Be2 Nc5 14. O-O Nxa4 15. Nxa4
Qxa4 16. Qd4 Qxc2 17. Nd2 Qa4 18. b3 Qa5 19. b4 Qd8 20. Nxc4 b5 21. Nb6 Rb8 22. Nxc8
Qxc8 23. Rfc1 Qb7 24. Rc6 Rfc8 25. Rbc1 Kg8 26. e5 Ne8 27. Bg4 dxe5 28. Qxe5 Rd8
29. h3 Nf6 30. Bf3 Qd7 31. Rxa6 Nxd5 32. Bxd5 Qxd5 33. Qxe7 Rd7 34. Qe1 Rbd8 35.
Ra3 Qd4 36. Re3 Kg7 37. Re5 Rd5 38. Rc5 Rxe5 39. Qxe5+ Qxe5 40. Rxe5 Rb8 41. Kh2
h6 42. h4 f5 43. f4 Kf6 44. Rc5 Rb6 45. Kg3 Ke6 46. Kf3 Kf6  1/2-1/2

[Event "38th Reykjavik op"]
[Site "Reykjavik ISL"]
[Date "2025.04.09"]
[Round "1.127"]
[White "Solano, Juan Pablo"]
[Black "Zamvar, Vipin"]
[WhiteElo "1929"]
[BlackElo "1733"]
[Result "1-0"]
[EventDate "2025.04.09"]
[PlyCount "65"]

1. d4 Nf6 2. c4 e6 3. Nf3 d5 4. Nc3 Bb4 5. Bg5 O-O 6. e3 h6 7. Bh4 b6 8. cxd5 exd5
9. Qb3 Bxc3+ 10. Qxc3 c6 11. Bd3 Bb7 12. Ne5 Qd6 13. O-O Re8 14. Bg3 Qe6 15. h3 Ne4
16. Bxe4 dxe4 17. Rfc1 f6 18. Nc4 Rd8 19. b4 Ba6 20. Nd2 Bb7 21. Qb3 Qxb3 22. axb3
f5 23. Nc4 Nd7 24. Nd6 Bc8 25. Nxf5 Nf6 26. Ne7+ Kf8 27. Nxc6 Rd7 28. Nxa7 Bb7 29.
Nb5 Nd5 30. Rxa8+ Bxa8 31. Rc8+ Ke7 32. Rxa8 Nxb4 33. Bd6+  1-0

[Event "38th Reykjavik op"]
[Site "Reykjavik ISL"]
[Date "2025.04.09"]
[Round "1.128"]
[White "Lammert, Jason"]
[Black "Sonne, Lasse"]
[WhiteElo "1726"]
[BlackElo "1929"]
[Result "0-1"]
[EventDate "2025.04.09"]
[PlyCount "84"]

1. e4 e5 2. Nf3 Nc6 3. d4 exd4 4. Nxd4 Qf6 5. Be3 Bc5 6. c3 Nge7 7. Nc2 Bxe3 8. Nxe3
O-O 9. Bc4 b6 10. O-O Qg6 11. Qc2 Kh8 12. Nd2 Bb7 13. f4 f5 14. Bd3 fxe4 15. Nxe4
Qh6 16. Ng4 Qh5 17. Be2 Qf5 18. Ne3 Qe6 19. f5 Nd4 20. cxd4 Qxe4 21. Qxe4 Bxe4 22.
g4 Rae8 23. Ng2 Bxg2 24. Kxg2 Nxf5 25. Rf2 Nxd4 26. Rxf8+ Rxf8 27. Rf1 Rxf1 28. Bxf1
Kg8 29. Bc4+ Kf8 30. Kf2 Ke7 31. Ke3 Ne6 32. h4 c6 33. Bd3 h6 34. h5 d5 35. a4 c5
36. b3 Nd4 37. b4 Ne6 38. bxc5 bxc5 39. Kd2 Kd6 40. Kc3 Ng5 41. a5 Ne4+ 42. Kc2 c4
 0-1

[Event "38th Reykjavik op"]
[Site "Reykjavik ISL"]
[Date "2025.04.09"]
[Round "1.129"]
[White "Valtysson, Thor"]
[Black "Jameson, Micah K"]
[WhiteElo "1929"]
[BlackElo "1726"]
[Result "1-0"]
[EventDate "2025.04.09"]
[PlyCount "55"]

1. d4 Nf6 2. Nf3 d5 3. Bf4 c5 4. c3 Qb6 5. Qc1 Nc6 6. e3 Bf5 7. Nbd2 e6 8. h3 Be7
9. Be2 O-O 10. O-O Rac8 11. a3 Ne4 12. Nxe4 Bxe4 13. Ne5 Nxe5 14. Bxe5 f6 15. Bg3
cxd4 16. exd4 Bd6 17. Bxd6 Qxd6 18. Qe3 e5 19. Rad1 b6 20. dxe5 fxe5 21. Qxe4 Rfd8
22. Qg4 Kh8 23. Rd2 Qf6 24. Rfd1 Rc5 25. Bf3 Qf7 26. Bxd5 Rcxd5 27. Rxd5 Rxd5 28.
Qc8+  1-0

[Event "38th Reykjavik op"]
[Site "Reykjavik ISL"]
[Date "2025.04.09"]
[Round "1.130"]
[White "Gulyas, Adam Ferenc"]
[Black "Landmark, Gabriel"]
[WhiteElo "1722"]
[BlackElo "1927"]
[Result "0-1"]
[EventDate "2025.04.09"]
[PlyCount "106"]

1. e4 c5 2. Nf3 Nc6 3. d4 cxd4 4. Nxd4 Nf6 5. Nc3 e5 6. Ndb5 d6 7. Nd5 Nxd5 8. exd5
Nb8 9. c4 Nd7 10. Qa4 Be7 11. Be3 O-O 12. Bd3 a6 13. O-O f5 14. f4 exf4 15. Rxf4
Bg5 16. Nd4 Nc5 17. Qc2 Bxf4 18. Bxf4 Qf6 19. Be3 Bd7 20. Rf1 Qe5 21. Qd2 Nxd3 22.
Qxd3 Qe4 23. Qd2 Rae8 24. Bf4 Rf6 25. b3 h6 26. h4 Rg6 27. Nf3 Qe2 28. Rf2 Qxd2 29.
Nxd2 Kf7 30. c5 dxc5 31. Nc4 Kf6 32. Ne3 Ke7 33. Nc4 Rg4 34. Ne5 Rxf4 35. Rxf4 Bc8
36. Nc4 b5 37. Nb6 Kd6 38. Nxc8+ Rxc8 39. Rxf5 c4 40. bxc4 bxc4 41. Rf1 Kxd5 42.
Rd1+ Kc5 43. Kf1 c3 44. Ke2 Kb4 45. Rc1 Ka3 46. Rc2 Kb4 47. Kd3 Rd8+ 48. Ke2 Rd4
49. g3 Rg4 50. Kf3 h5 51. Kf2 Kc4 52. Kf3 Kd3 53. Rc1 c2  0-1

[Event "38th Reykjavik op"]
[Site "Reykjavik ISL"]
[Date "2025.04.09"]
[Round "1.131"]
[White "Smit, Emeline"]
[Black "Aeschbacher, Gregoire"]
[WhiteElo "1926"]
[BlackElo "1717"]
[Result "1-0"]
[EventDate "2025.04.09"]
[PlyCount "95"]

1. e4 e5 2. Nf3 Nc6 3. Bb5 a6 4. Ba4 d6 5. d4 b5 6. Bb3 Nxd4 7. Nxd4 exd4 8. Bd5
Rb8 9. Qxd4 Bd7 10. c3 c6 11. Bb3 c5 12. Qe3 c4 13. Bc2 Ne7 14. O-O Nc6 15. Qg3 h6
16. Bf4 Qf6 17. Nd2 Be7 18. Nf3 g5 19. Be3 g4 20. Nd4 h5 21. Nxc6 h4 22. Qf4 Qxf4
23. Bxf4 Bxc6 24. Rfd1 Rd8 25. a4 f6 26. axb5 Bxb5 27. Rd2 Kf7 28. Bd1 Rhg8 29. Be2
Ke6 30. Rad1 Rc8 31. g3 hxg3 32. hxg3 Rc6 33. Kg2 Ba4 34. Rh1 Bb3 35. Rh4 f5 36.
Rh6+ Bf6 37. exf5+ Kxf5 38. f3 gxf3+ 39. Bxf3 Rb6 40. Bd5 Bg5 41. Bxg8 Bxh6 42. Bxh6
Kg6 43. Bf4 a5 44. Rxd6+ Rxd6 45. Bxd6 a4 46. Kf3 Kg5 47. Ke4 Kg4 48. Kd4  1-0

[Event "38th Reykjavik op"]
[Site "Reykjavik ISL"]
[Date "2025.04.09"]
[Round "1.132"]
[White "Brynjarsson, Oervar Holm"]
[Black "Tirronen, Esa"]
[WhiteElo "1717"]
[BlackElo "1923"]
[Result "0-1"]
[EventDate "2025.04.09"]
[PlyCount "48"]

1. e4 c5 2. Nf3 d6 3. d4 cxd4 4. Nxd4 Nf6 5. Nc3 g6 6. Be3 Nc6 7. f3 h5 8. Qd2 Nxd4
9. Bxd4 Bh6 10. Be3 Bxe3 11. Qxe3 Be6 12. O-O-O Qa5 13. Bb5+ Kf8 14. a3 Kg7 15. h3
Rhc8 16. g4 Rxc3 17. Qxc3 Qxb5 18. f4 Rc8 19. Qe3 Qc4 20. Rh2 Qa2 21. e5 Nd5 22.
Rxd5 Bxd5 23. Qd4 Rc4 24. Qxd5 Rxc2+  0-1

[Event "38th Reykjavik op"]
[Site "Reykjavik ISL"]
[Date "2025.04.09"]
[Round "1.133"]
[White "Sleczka, Bartosz"]
[Black "Smarason, Kristjan Ingi"]
[WhiteElo "1920"]
[BlackElo "1714"]
[Result "1-0"]
[EventDate "2025.04.09"]
[PlyCount "76"]

1. d4 Nf6 2. Nc3 d5 3. Bg5 Bf5 4. Bxf6 exf6 5. e3 c6 6. Bd3 Bxd3 7. Qxd3 Be7 8. Nge2
O-O 9. O-O-O Nd7 10. g4 b5 11. Ng3 a5 12. Nce2 a4 13. h4 Nb6 14. Rh2 b4 15. Rdh1
Qc7 16. g5 c5 17. dxc5 Qxc5 18. Nd4 Rac8 19. Kb1 Nc4 20. f4 Nd6 21. Rg2 a3 22. gxf6
Bxf6 23. Nh5 Ne8 24. Rhg1 g6 25. f5 Bg7 26. Nf4 Qd6 27. h5 Rd8 28. hxg6 fxg6 29.
fxg6 h6 30. Nfe6 Rc8 31. Nxf8 Qxf8 32. Qf5 Nf6 33. Ne6 Qe8 34. Rf1 Rc6 35. Nd4 Rd6
36. Qf4 Ra6 37. Nf5 axb2 38. Qxb4 Qa8  1-0

[Event "38th Reykjavik op"]
[Site "Reykjavik ISL"]
[Date "2025.04.09"]
[Round "1.134"]
[White "Chompas, Vasileios"]
[Black "Baldvinsson, Loftur"]
[WhiteElo "1711"]
[BlackElo "1920"]
[Result "1-0"]
[EventDate "2025.04.09"]
[PlyCount "71"]

1. d4 Nf6 2. c4 g6 3. Nf3 Bg7 4. g3 O-O 5. Bg2 d6 6. O-O Nbd7 7. Nc3 c6 8. Re1 Re8
9. e4 e5 10. h3 exd4 11. Nxd4 Nc5 12. Bf4 Nh5 13. Be3 Be6 14. Nxe6 Nxe6 15. Qd2 Qc7
16. Rac1 Rad8 17. Red1 Nf6 18. Qc2 h6 19. f3 Nh5 20. Qf2 b6 21. Kh2 Kh7 22. f4 Qe7
23. Bf3 Nf6 24. e5 dxe5 25. fxe5 Nd7 26. Bxc6 Bxe5 27. Nd5 Qf8 28. Bxd7 Rxd7 29.
Nf6+ Bxf6 30. Rxd7 Kg7 31. Bxh6+ Kxh6 32. Qxf6 Ng5 33. h4 Re2+ 34. Kh1 Ne4 35. Qf4+
Kg7 36. Rf1  1-0

[Event "38th Reykjavik op"]
[Site "Reykjavik ISL"]
[Date "2025.04.09"]
[Round "1.135"]
[White "Bernhard, Sebastian"]
[Black "Birgisson, Hilmar Freyr"]
[WhiteElo "1914"]
[BlackElo "1706"]
[Result "1-0"]
[EventDate "2025.04.09"]
[PlyCount "109"]

1. e4 c5 2. Nf3 Nc6 3. Bb5 a6 4. Bxc6 bxc6 5. O-O g6 6. c3 Bg7 7. d4 cxd4 8. cxd4
Nf6 9. Nc3 O-O 10. e5 Nd5 11. Nxd5 cxd5 12. Qb3 Qa5 13. a4 e6 14. Bd2 Qc7 15. Rfc1
Qb7 16. Qxb7 Bxb7 17. Bb4 Rfc8 18. Bc5 Bh6 19. Rc3 Bc6 20. b4 Bb7 21. Kf1 f6 22.
Raa3 f5 23. h4 Kg7 24. g3 Bc6 25. Ke2 Kf7 26. Ne1 Rab8 27. Nd3 Ra8 28. f4 Rg8 29.
Ke3 Bg7 30. Rcb3 Rab8 31. Bd6 Rb6 32. Nc5 Rc8 33. a5 Rb5 34. Nxa6 h6 35. Nc5 g5 36.
hxg5 hxg5 37. fxg5 Rh8 38. a6 Kg6 39. Be7 Rbb8 40. a7 Rbe8 41. b5 Ba8 42. Bf6 Bxf6
43. gxf6 d6 44. exd6 Kxf6 45. b6 Rhg8 46. Nd7+ Kf7 47. Ne5+ Kf6 48. Kf2 Bb7 49. Rc3
Rc8 50. d7 Rxc3 51. Rxc3 Ba6 52. Rc7 Ke7 53. b7 Bxb7 54. Rxb7 Ra8 55. Rb8  1-0

[Event "38th Reykjavik op"]
[Site "Reykjavik ISL"]
[Date "2025.04.09"]
[Round "1.136"]
[White "Fjeldsted, Andres"]
[Black "Maton, Emily"]
[WhiteElo "1704"]
[BlackElo "1912"]
[Result "0-1"]
[EventDate "2025.04.09"]
[PlyCount "90"]

1. e4 c5 2. Nc3 e6 3. f4 Nc6 4. Nf3 Nge7 5. d3 d5 6. g3 g6 7. Bg2 Bg7 8. e5 O-O 9.
O-O Nf5 10. Ne2 f6 11. g4 Nfd4 12. Nexd4 Nxd4 13. Nxd4 cxd4 14. exf6 Qxf6 15. Qf3
Bd7 16. Bd2 Rac8 17. Bb4 Rf7 18. Qe2 Bf8 19. Bxf8 Rcxf8 20. f5 Kg7 21. fxe6 Qxe6
22. Rxf7+ Rxf7 23. Qxe6 Bxe6 24. h3 Rc7 25. Re1 Kf7 26. Re2 Rc5 27. a4 a5 28. Kf1
Ke7 29. Kf2 Kd6 30. b3 Bd7 31. Kg3 b5 32. axb5 Bxb5 33. Rf2 a4 34. bxa4 Bxa4 35.
Rf6+ Ke5 36. g5 Bxc2 37. Bf1 Rc3 38. Rf3 Rc7 39. h4 Kd6 40. Rf6+ Kc5 41. Kf2 Re7
42. Ra6 Kb4 43. Rd6 Kc3 44. Rxd5 Bxd3 45. Bg2 Re2+  0-1

[Event "38th Reykjavik op"]
[Site "Reykjavik ISL"]
[Date "2025.04.09"]
[Round "1.137"]
[White "Ragnarsson, Johann"]
[Black "Sharf, Sam"]
[WhiteElo "1908"]
[BlackElo "1702"]
[Result "1-0"]
[EventDate "2025.04.09"]
[PlyCount "95"]

1. d4 Nf6 2. c4 e6 3. Nc3 Bb4 4. a3 Bxc3+ 5. bxc3 b6 6. f3 Ba6 7. e4 Nc6 8. Bd3 Na5
9. Qe2 c5 10. Bg5 h6 11. Bh4 g5 12. Bg3 d6 13. d5 e5 14. Nh3 Kd7 15. Nf2 h5 16. h4
Nh7 17. Nd1 Nf8 18. hxg5 Ng6 19. Ne3 Kc7 20. Nf5 Bc8 21. Qe3 Ba6 22. Qe2 Qxg5 23.
Bh4 Nxh4 24. Rxh4 Bc8 25. Rh3 Bxf5 26. exf5 f6 27. g3 Rae8 28. Kf2 Kb8 29. Qe3 Qg7
30. Rah1 Rhg8 31. Qe4 Qg5 32. Qe3 Qg7 33. Be2 Re7 34. g4 hxg4 35. fxg4 Qg5 36. Qxg5
Rxg5 37. Rh8+ Kc7 38. Rf8 e4 39. Ke3 Nb7 40. Rxf6 Nd8 41. Rh5 Rxh5 42. gxh5 Nf7 43.
h6 Ng5 44. Rg6 Nh7 45. f6 Rd7 46. Bg4 Nf8 47. Rg8 Rf7 48. Rg7  1-0

[Event "38th Reykjavik op"]
[Site "Reykjavik ISL"]
[Date "2025.04.09"]
[Round "1.138"]
[White "Noer, Andreas"]
[Black "Winnubst, Paul"]
[WhiteElo "1701"]
[BlackElo "1906"]
[Result "0-1"]
[EventDate "2025.04.09"]
[PlyCount "131"]

1. c4 Nf6 2. g3 g6 3. Bg2 Bg7 4. Nc3 O-O 5. e4 d6 6. Nge2 c5 7. O-O Nc6 8. d3 Ne8
9. h3 Nc7 10. Be3 Ne6 11. Qd2 Ned4 12. f4 Rb8 13. Nb5 Nxe2+ 14. Qxe2 a6 15. Nc3 Nd4
16. Qd2 b5 17. Rad1 bxc4 18. dxc4 Be6 19. b3 Qc8 20. Nd5 Bxd5 21. exd5 a5 22. Kh2
a4 23. Bxd4 Bxd4 24. Rb1 axb3 25. axb3 Rb4 26. Be4 Qb7 27. Bc2 Ra8 28. Rfe1 Ra2 29.
Qd3 Qd7 30. g4 Qd8 31. Re2 Qf8 32. Rbe1 Qh6 33. g5 Qh4 34. Qg3 Qxg3+ 35. Kxg3 Rb7
36. Bd1 Ra1 37. Bc2 Rxe1 38. Rxe1 Ra7 39. Re2 Ra2 40. Bd1 Ra1 41. Rd2 Rc1 42. Rd3
Rb1 43. Kf3 Rb2 44. Be2 Kg7 45. Bd1 h5 46. gxh6+ Kxh6 47. Kg3 f5 48. Rf3 Bf6 49.
Re3 Rd2 50. Bf3 g5 51. fxg5+ Kxg5 52. h4+ Kg6 53. Be2 Be5+ 54. Kf3 Kh5 55. Bf1 Kxh4
56. Re2 Rd1 57. Bg2 f4 58. Ke4 Rd4+ 59. Kf5 f3 60. Bxf3 Rf4+ 61. Ke6 Rxf3 62. Kxe7
Rxb3 63. Ke6 Rc3 64. Rxe5 dxe5 65. Kxe5 Rxc4 66. d6  0-1

[Event "38th Reykjavik op"]
[Site "Reykjavik ISL"]
[Date "2025.04.09"]
[Round "1.139"]
[White "Coutinho, Joao Manuel Sousa"]
[Black "Halldorsson, Nirvaan"]
[WhiteElo "1903"]
[BlackElo "1701"]
[Result "1/2-1/2"]
[EventDate "2025.04.09"]
[PlyCount "65"]

1. e4 c5 2. c3 e6 3. d4 d5 4. exd5 exd5 5. Nf3 Nf6 6. Bb5+ Nc6 7. O-O Be7 8. dxc5
Bxc5 9. Re1+ Be6 10. Bxc6+ bxc6 11. Ng5 O-O 12. Nxe6 fxe6 13. Be3 Qb6 14. Bxc5 Qxc5
15. Nd2 Ng4 16. Qxg4 Qxf2+ 17. Kh1 Qxd2 18. Qxe6+ Kh8 19. Qe2 Qf4 20. Rf1 Qd6 21.
Rae1 Rxf1+ 22. Rxf1 Rf8 23. Re1 Qf6 24. h3 h6 25. Rg1 Qh4 26. Rf1 Rxf1+ 27. Qxf1
Qa4 28. Qf8+ Kh7 29. Qf5+ Kg8 30. Qe6+ Kf8 31. Qf5+ Ke7 32. Qe5+ Kf7 33. Qf5+  1/2-1/2

[Event "38th Reykjavik op"]
[Site "Reykjavik ISL"]
[Date "2025.04.09"]
[Round "1.140"]
[White "Wittkowski, Ralf"]
[Black "Wedin, Svante"]
[WhiteElo "1701"]
[BlackElo "1902"]
[Result "1-0"]
[EventDate "2025.04.09"]
[PlyCount "39"]

1. e4 c5 2. d4 cxd4 3. c3 Nf6 4. e5 Nd5 5. Nf3 e6 6. Bc4 Nb6 7. Bb3 d6 8. exd6 Bxd6
9. O-O O-O 10. cxd4 Nc6 11. Nc3 e5 12. Bg5 Qd7 13. d5 Ne7 14. Bxe7 Qxe7 15. h3 Bd7
16. Re1 Rfe8 17. Rc1 Qf8 18. Ne4 Kh8 19. Nfg5 Bf5 20. Nxd6  1-0

[Event "38th Reykjavik op"]
[Site "Reykjavik ISL"]
[Date "2025.04.09"]
[Round "1.141"]
[White "Bjarnason, Snorri Vikanes"]
[Black "Bourassa, Louis"]
[WhiteElo "1901"]
[BlackElo "1688"]
[Result "1-0"]
[EventDate "2025.04.09"]
[PlyCount "93"]

1. c4 e6 2. Nf3 f5 3. g3 Nf6 4. Bg2 Be7 5. d4 d5 6. Bf4 O-O 7. h4 c6 8. Qb3 Nbd7
9. Nc3 Ne4 10. h5 b6 (10... h6) 11. cxd5 exd5 12. Nxd5 cxd5 13. Qxd5+ Kh8 14. Qxa8
Bb4+ 15. Kf1 Ba6 16. Qxd8 Rxd8 17. Ne5 Nxe5 18. Bxe4 Nc4 19. Bxf5 Rxd4 20. b3 Nd2+
21. Bxd2 Rxd2 22. Bg4 Bb7 23. Rc1 Ba3 24. Bf3 Bxc1 25. Bxb7 Ba3 26. Rh4 Bc5 27. b4
Be7 28. Re4 Rd7 29. Bc6 Rc7 30. Bd5 g6 31. h6 Rd7 32. Bb3 Rc7 33. Rf4 Bd6 34. Rd4
Be7 35. Re4 Rd7 36. f4 Rc7 37. Kg2 Rd7 38. g4 Rc7 39. g5 Rd7 40. Kf3 Rc7 41. Kg4
Rd7 42. Re6 Rc7 43. e4 Rd7 44. f5 gxf5+ 45. exf5 Rd4+ 46. Kh5 Rd7 47. f6  1-0

[Event "38th Reykjavik op"]
[Site "Reykjavik ISL"]
[Date "2025.04.09"]
[Round "1.142"]
[White "Harrison, Kirk"]
[Black "Aas, Robert"]
[WhiteElo "1679"]
[BlackElo "1898"]
[Result "0-1"]
[EventDate "2025.04.09"]
[PlyCount "99"]

1. e4 e5 2. Nf3 Nc6 3. d4 exd4 4. Nxd4 Bc5 5. Nb3 Bb6 6. Nc3 Nge7 7. Bc4 O-O 8. O-O
Kh8 9. Na4 f5 10. Nxb6 axb6 11. exf5 Nxf5 12. Bd2 d5 13. Bd3 Ne5 14. Bxf5 Bxf5 15.
Nd4 Qh4 16. f4 Nc4 17. Be1 Qd8 18. Nxf5 Rxf5 19. Qd3 Rf8 20. b3 Na3 21. Bc3 Qe7 22.
Rf3 Qe4 23. Rg3 Rf7 24. Be5 Qxd3 25. Rxd3 Nxc2 26. Rc1 Nb4 27. Rd4 c5 28. Rd2 d4
29. a3 Rxa3 30. Rxd4 Ra8 31. Rd6 Nc6 32. Rcd1 Kg8 33. Rd7 Nxe5 34. fxe5 Re8 35. Rxf7
Kxf7 36. Rd7+ Re7 37. Rd6 b5 38. Rb6 b4 39. Kf2 Ke8 40. Kf3 Kd8 41. Ke4 Kc7 42. Rd6
Rd7 43. Kd5 b6 44. h3 Rxd6+ 45. exd6+ Kd7 46. g3 g5 47. h4 gxh4 48. gxh4 h5 49. Kc4
Kxd6 50. Kb5  0-1

[Event "38th Reykjavik op"]
[Site "Reykjavik ISL"]
[Date "2025.04.09"]
[Round "1.143"]
[White "James, Chris"]
[Black "Storsanden, Aksel Larsen"]
[WhiteElo "1895"]
[BlackElo "1676"]
[Result "1-0"]
[EventDate "2025.04.09"]
[PlyCount "49"]

1. e4 c6 2. d4 d5 3. Nc3 dxe4 4. Bc4 e6 5. f3 Bb4 6. a3 Bxc3+ 7. bxc3 Nd7 8. Nh3
exf3 9. Qxf3 Qf6 10. Qg3 Qg6 11. Qf2 Qf6 12. Qe2 h6 13. Nf4 Nb6 14. O-O Nxc4 15.
Qxc4 Qf5 16. a4 a5 17. Ba3 Ne7 18. Rae1 Qg5 19. Re5 Nf5 20. Nh3 Ne3 21. Qe2 Qg6 22.
Rxe3 Bd7 23. Nf4 Qh7 24. Nd3 O-O-O 25. Rxf7  1-0

[Event "38th Reykjavik op"]
[Site "Reykjavik ISL"]
[Date "2025.04.09"]
[Round "1.144"]
[White "Holcomb, David D"]
[Black "Tinkler, Paul"]
[WhiteElo "1674"]
[BlackElo "1894"]
[Result "1-0"]
[EventDate "2025.04.09"]
[PlyCount "57"]

1. d4 Nf6 2. Nc3 d5 3. Bf4 Bf5 4. f3 e6 5. g4 Bg6 6. h4 h6 7. Nb5 Na6 8. e3 c6 9.
Nc3 Nb4 10. Bd3 Nxd3+ 11. cxd3 Qa5 12. Ne2 Be7 13. Qd2 Nd7 14. a3 c5 15. dxc5 Bxc5
16. Rc1 Qa6 17. e4 O-O 18. h5 Bh7 19. d4 Bb6 20. g5 hxg5 21. Bxg5 dxe4 22. fxe4 f5
23. Nf4 fxe4 24. Ng6 Rf3 25. Nxe4 Rd3 26. Qc2 Bxg6 27. hxg6 Qa5+ 28. b4 Qe5 29. dxe5
 1-0

[Event "38th Reykjavik op"]
[Site "Reykjavik ISL"]
[Date "2025.04.09"]
[Round "1.145"]
[White "Arnshav, Ivar"]
[Black "Borne, Milan"]
[WhiteElo "1893"]
[BlackElo "1673"]
[Result "0-1"]
[EventDate "2025.04.09"]
[PlyCount "132"]

1. e4 c6 2. d4 d5 3. e5 Bf5 4. Bd3 Bxd3 5. Qxd3 e6 6. Nf3 c5 7. c3 Nc6 8. Bg5 Be7
9. h4 h6 10. Be3 cxd4 11. cxd4 Bb4+ 12. Nc3 Nge7 13. a3 Bxc3+ 14. bxc3 Nf5 15. Bf4
Rc8 16. h5 Qd7 17. g4 Nfe7 18. g5 Nf5 19. gxh6 gxh6 20. Nh2 Nce7 21. Ng4 Ng8 22.
Rg1 Qc6 23. Kd2 Qc4 24. Qxc4 Rxc4 25. Rab1 b6 26. Rb4 Rc6 27. Rgb1 Ng7 28. Nf6+ Nxf6
29. exf6 Nxh5 30. Bb8 Nxf6 31. Bxa7 Ne4+ 32. Ke1 Rg8 33. Rxb6 Rg1+ 34. Ke2 Nxc3+
35. Kf3 Nxb1 36. Rxc6 Nxa3 37. Rc8+ Kd7 38. Rh8 Rg6 39. Bc5 Nc4 40. Bf8 Nd6 41. Bxh6
Nf5 42. Be3 Nxe3 43. Kxe3 Rg1 44. Rh7 Ke7 45. Kd2 Rg6 46. Ke3 Kf6 47. Kf4 Rg1 48.
Ke3 Kg6 49. Rh8 Kf5 50. Rh5+ Rg5 51. Rh7 f6 52. Rd7 Rg1 53. Rd6 Rd1 54. Rd7 Ra1 55.
Rd6 Ra2 56. Kf3 Ra1 57. Ke3 Rh1 58. Ke2 Rh4 59. Ke3 Re4+ 60. Kd3 Kf4 61. Ra6 Kf3
62. Ra2 Re1 63. Rb2 Rd1+ 64. Kc3 Rf1 65. Rb6 Re1 66. Rb2 Re2  0-1

[Event "38th Reykjavik op"]
[Site "Reykjavik ISL"]
[Date "2025.04.09"]
[Round "1.146"]
[White "Le Pen, Michel"]
[Black "Vreugdenhil, Frans"]
[WhiteElo "1668"]
[BlackElo "1892"]
[Result "0-1"]
[EventDate "2025.04.09"]
[PlyCount "34"]

1. g3 d5 2. Bg2 Nf6 3. Nf3 c6 4. O-O Bf5 5. d4 e6 6. Nc3 h6 7. Re1 Bd6 8. Nh4 Bh7
9. e4 dxe4 10. Nxe4 Nxe4 11. Bxe4 Bxe4 12. Rxe4 Nd7 13. Rxe6+ fxe6 14. Qh5+ Kf8 15.
Bg5 Qxg5 16. Qxg5 hxg5 17. Nf3 Be7  0-1

[Event "38th Reykjavik op"]
[Site "Reykjavik ISL"]
[Date "2025.04.09"]
[Round "1.147"]
[White "Jonsson, Johann T."]
[Black "Weersing, Nathan"]
[WhiteElo "1890"]
[BlackElo "1666"]
[Result "1-0"]
[EventDate "2025.04.09"]
[PlyCount "85"]

1. d4 d5 2. Nf3 Nf6 3. Bf4 Bg4 4. e3 e6 5. c4 Bb4+ 6. Nc3 Ne4 7. Qb3 Bxc3+ 8. bxc3
b6 9. Ne5 Nf6 10. h3 Bf5 11. g4 Bg6 12. h4 dxc4 13. Qa4+ Nfd7 14. Bg2 c6 15. Nxc6
Nxc6 16. Bxc6 Bd3 17. f3 a6 18. Bxa8 Qxa8 19. Kf2 b5 20. Qb4 Nf6 21. Qd6 Nd5 22.
Rhc1 a5 23. a3 Qd8 24. Qc5 Qxh4+ 25. Bg3 Qg5 26. Re1 h5 27. f4 Qxg4 28. e4 Nxc3 29.
e5 Be4 30. Re3 Bd3 31. Qc8+ Ke7 32. Qc7+ Ke8 33. Qb8+ Ke7 34. Qb7+ Ke8 35. Qb8+ Ke7
36. Qa7+ Ke8 37. Qa8+ Ke7 38. Qxh8 Nd1+ 39. Rxd1 Qxd1 40. Bh4+ Kd7 41. Qd8+ Kc6 42.
Qa8+ Kd7 43. Qb7+  1-0

[Event "38th Reykjavik op"]
[Site "Reykjavik ISL"]
[Date "2025.04.09"]
[Round "1.148"]
[White "Bulva, Maksim"]
[Black "Stolyarov, Alan"]
[WhiteElo "1660"]
[BlackElo "1889"]
[Result "0-1"]
[EventDate "2025.04.09"]
[PlyCount "32"]

1. e4 c5 2. Nc3 d6 3. d4 cxd4 4. Qxd4 Nc6 5. Qd2 Nf6 6. b3 e5 7. Bb2 Be6 8. O-O-O
Qa5 9. Kb1 O-O-O 10. f3 d5 11. Nxd5 Bb4 12. Qe3 Bxd5 13. exd5 Nxd5 14. Rxd5 Rxd5
15. Bd3 Ba3 16. Bc3 Qxc3  0-1

[Event "38th Reykjavik op"]
[Site "Reykjavik ISL"]
[Date "2025.04.09"]
[Round "1.149"]
[White "Eliasson, Kristjan Oern"]
[Black "Halldorsson, Karma"]
[WhiteElo "1889"]
[BlackElo "1654"]
[Result "1-0"]
[EventDate "2025.04.09"]
[PlyCount "123"]

1. d4 f5 2. Nc3 Nf6 3. Bf4 g6 4. Nb5 d6 5. f3 Bg7 6. Qd2 O-O 7. O-O-O Be6 8. Nc3
c6 9. Kb1 b5 10. e4 fxe4 11. Nxe4 Nxe4 12. fxe4 a5 13. Nf3 a4 14. Bh6 b4 15. Bxg7
Kxg7 16. Qxb4 Qc7 17. Qc3 Kg8 18. Bc4 Qd7 19. h4 d5 20. Ne5 Qb7 21. exd5 cxd5 22.
Bd3 Nd7 23. Nxd7 Qxd7 24. Qd2 Rab8 25. Ka1 Qd6 26. Rde1 Rf6 27. h5 Bf7 28. hxg6 Bxg6
29. Bxg6 Rxg6 30. Re5 Rf8 31. Rhe1 Rg7 32. a3 Rb8 33. Rg5 Rg6 34. Rxg6+ hxg6 35.
Qe3 Rb7 36. Qe6+ Qxe6 37. Rxe6 Kf7 38. Ra6 Rc7 39. Kb1 Rc4 40. c3 e6 41. Kc2 Ke7
42. Kd3 Kf6 43. Ke3 Ke7 44. Kf4 Kf6 45. g3 Rc8 46. Rxa4 Rb8 47. Rb4 Rc8 48. Rb6 Ra8
49. Ke3 g5 50. Kf3 Kf5 51. Rb7 Rh8 52. Rf7+ Kg6 53. Rb7 Kf5 54. g4+ Kf6 55. a4 Ra8
56. Rb4 Ra6 57. Ke3 e5 58. dxe5+ Kxe5 59. Kd3 Rf6 60. a5 Ra6 61. Ra4 Ra7 62. a6  1-0